Logo BPK

Biblioteka

Politechniki Koszalińskiej

Gedichte / (Rekord nr 50761)

Szczegóły MARC
000 -ETYKIETA REKORDU
podpole kontrolne o stałej długości 00626nam a2200217 i 4500
001 - NUMER KONTROLNY REKORDU
pole kontrolne bgj
040 ## - ŹRÓDŁO KATALOGOWANIA
Instytucja, która utworzyła rekord BPK
041 0# - KOD JĘZYKA
Kod języka tekstu ger
044 ## - KOD KRAJU WYDAWCY/PRODUCENTA
Kod kraju wydawcy/producenta DEU
080 ## - UNIWERSALNA KLASYFIKACJA DZIESIĘTNA - UKD
UKD 821.112.2-1
008 - POLE O STAŁEJ DŁUGOŚCI - DANE KONTROLNE
podpole kontrolne o stałej długości s gw f |000 0 ger
100 1# - NAZWA OSOBOWA
Nazwa osobowa HÖLDERLIN, Friedrich.
245 10 - TYTUŁ/ODPOWIEDZIALNOŚĆ
Tytuł Gedichte /
Pozostałe elementy strefy tytułu i oznaczenia odpowiedzialności Friedrich Hölderlin ; ein Auswähl hrsg. von Hermann Runilch.
260 ## - STREFA ADRESU WYDAWNICZEGO
Miejsce wydania Göttingen :
Nazwa wydawcy/dystrybutora Verlag Vandenhoeck und Ruprecht.
300 ## - STREFA OPISU FIZYCZNEGO
Objętość 56 s. ;
Rozmiary 20 cm.
504 ## - UWAGA DOTYCZĄCA BIBLIOGRAFII
Informacje o bibliografii Bibliogr. s. 7.
650 9# - HASŁO PRZEDMIOTOWE W FORMIE NAZWY OGÓLNEJ LUB JEDNOSTKOWEJ
Nazwa ogólna lub geograficzna Poezja niemiecka
700 9# - HASŁO DODATKOWE - NAZWA OSOBOWA
Nazwa osobowa RUNILCH, Hermann.
830 ## - HASŁO DODATKOWE SERII LUB DOKUMENTU WIELOCZĘŚCIOWEGO - TYTUŁ UJEDNOLICONY
Tytuł ujednolicony Göttinger Lesebogen zur Deutschen Literaturgeschichte
856 ## - LOKALIZACJA I DOSTĘP DO ELEKTRONICZNYCH DOKUMENTÓW ZDALNYCH
Link (URL) http://koha.tu.koszalin.pl/cgi-bin/koha/opac-detail.pl?biblionumber=50761
Tekst linku Katalog online BPK
942 ## - DODATKOWE ELEMENTY (KOHA)
Typ dokumentu Książka
Egzemplarze
Wycofany Status egzemplarza Uszkodzony Ograniczenia udostępniania Dostępność Kolekcja Lokalizacja stała Lokalizacja bieżąca Miejsce przechowywania Sygnatura Kod kreskowy Typ dokumentu Uwaga przeznaczona na użytek publiczny
      Dostęp zastrzeżony Tylko na miejscu Bibliotekarstwo Biblioteka Politechniki Koszalińskiej Biblioteka Politechniki Koszalińskiej Zbiory Wewnętrzne N 985 02121871 Książka D5
© 2023 Biblioteka Politechniki Koszalińskiej :: KOHA